Normal view
MARC view
- Midgley, James.
Entry Personal Name
001 - CONTROL NUMBER
- control field: 8917
003 - CONTROL NUMBER IDENTIFIER
- control field: NUST
005 - DATE AND TIME OF LATEST TRANSACTION
- control field: 20180118162903.0
008 - FIXED-LENGTH DATA ELEMENTS
- fixed length control field: 180118|| aca||aabn | a|a d
040 ## - CATALOGING SOURCE
- Original cataloging agency: NUST
- Transcribing agency: NUST
100 ## - HEADING--PERSONAL NAME
- Personal name: Midgley, James.
670 ## - SOURCE DATA FOUND
- Source citation: Work cat.: (NUST)173377: Hall, Anthony L., 1947- 8914, Social policy for development /, 2004.
